| 000 | 01234nam a2200277 a 4500 | ||
|---|---|---|---|
| 001 | 000021409 | ||
| 005 | 20240422101417.0 | ||
| 008 | 100907s1994 dr 000 0 spa d | ||
| 040 |
_aDO-SdBNP _bspa _cBNPHU |
||
| 082 |
_a972.93 _bJ58s |
||
| 100 | 1 |
_aJesús Domínguez, Jaime de, _d1947- _944671 |
|
| 245 | 1 | 3 |
_aLa sociedad dominicana a principios del siglo XX / _cJaime de Jesús Domínguez. |
| 260 |
_aSanto Domingo : _bTaller, _c1994. |
||
| 300 |
_a535 p. ; _c23 cm. |
||
| 490 | 1 |
_aSesquicentenario de la Independencia Nacional _v7 |
|
| 504 | _aBibliografía : p. 531-535 | ||
| 590 | _aInventariado, 2019/MFF | ||
| 651 | 4 |
_aRepública Dominicana _xCondiciones Económicas _9281 |
|
| 651 | 4 |
_aRepública Dominicana _xCondiciones Sociales _946 |
|
| 651 | 4 |
_aRepública Dominicana _xPolítica Y Gobierno _y1844-1930. _96961 |
|
| 651 | 0 |
_aRepública Dominicana -- _xHistoria -- _yOcupación norteamericana, 1916-1924 _91926 |
|
| 651 | 4 |
_aEstados Unidos _xRelaciones Económicas Exteriores _zRepública Dominicana _944672 |
|
| 651 | 4 |
_aRepública Dominicana _xRelaciones Económicas Exteriores _zEstados Unidos _944673 |
|
| 830 | 0 |
_aSesquicentenario de la Independencia Nacional _v7 _944674 |
|
| 910 | _aValidado. Control de calidad MMOLINA | ||
| 999 |
_c20909 _d20909 |
||